000 00521nam a2200193 i 4500
001 60826
003 ES-MaACL
005 20230906164319.0
007 t|
008 031107s1965 sp ||||1| cat d
100 1 _aEstrade, Miguel M.
_948236
245 1 3 _aLa veu dels joves /
_cMiguel M. Estrade.
260 _aBarcelona :
_bVergara,
_c[1965]
300 _a192 p. ;
_c18 cm.
490 1 _aCollecció Isard
830 0 _aCollecció Isard
_9182732
852 _aES-MaACL
_jC-27236
_bR.56390
999 _c60826
_d60826